Best-Selling PS3 Games - Statistics

General Stats
  • This quiz has been taken 1,357 times
    1,030 since last reset
  • The average score is 12 of 28
Answer Stats
Copies Sold Game % Correct
1.98 m Call of Duty 4: Modern Warfare
81%
3.27 m Call of Duty: Black Ops
81%
4.8 m Call of Duty: Modern Warfare 2
81%
1.83 m Call of Duty: World at War
81%
2.73 m Grand Theft Auto IV
77%
16.85 m Grand Theft Auto V
77%
10.66 m Gran Turismo 5
72%
5.35 m Gran Turismo 5 Prologue
68%
3.8 m Uncharted 2: Among Thieves
55%
3.8 m Uncharted 3: Drake's Deception
55%
2.6 m Uncharted: Drake's Fortune
55%
2.42 m God of War Collection
41%
5.2 m God of War III
41%
6 m The Last of Us
41%
3 m LittleBigPlanet
33%
1 m Minecraft
31%
1.35 m Red Dead Redemption
26%
3 m Metal Gear Solid 4: Guns of the Patriots
25%
2 m Killzone 2
21%
2.97 m Final Fantasy XIII
20%
2 m inFamous
20%
1.25 m Ratchet and Clank Future: Tools of Destruction
19%
1.62 m Resident Evil 5
15%
1.7 m Heavy Rain
13%
2.5 m Resistance: Fall of Man
12%
3.31 m MotorStorm
6%
1 m MotorStorm: Pacific Rift
6%
1.5 m Heavenly Sword
2%
No matching quizzes found
Score Distribution
Percent of People with Each Score
Percentile by Number Answered
Your Score History
You have not taken this quiz since the last reset